00681nam a22002057a 450000500170000001000150001702000260003203500140005803700090007208200090008110000230009024500390011325000060015226000340015827000700019230000200026294200200028299900190030295201540032120260602101304.0 aENG-148693 a9789349042216c350.00 aEN-132225 bDBAD aS21 aSaxena, Ira989247 aInside Fuming Forests/cIra Saxena a1 aChandigarhbThe Browserc2026 bChandigarhaSCO 14-15, Sector 8-Ce160009mservice@thebrowser.org a198p.c21cm(pb) 2ddccENhSmSAX c216440d216440 001040718FICaDBADbDBADd2026-06-02eDelivery of Books Act Divisiong350.00l0oS SAXpEN-132225r2026-06-02 10:13:25t 1v350.00w2026-06-02yEN